Statistics for Boyfriends - Harry Styles (Lyrics)

Click here to take the quiz!

General Stats

  • This quiz has been taken 385 times
  • The average score is 112 of 130

Answer Stats

Answer% Correct
the
100%
you
100%
You
100%
Boyfriends
99%
boyfriends
99%
they
98%
think
98%
a
97%
easy
97%
so
97%
your
97%
You're
97%
you're
97%
dont
95%
don't
95%
for
95%
know
95%
granted
94%
take
94%
just
93%
it
92%
to
90%
he
88%
when
88%
in
87%
misunderstanding
87%
theyre
87%
again
85%
at
85%
no
85%
back
84%
fool
84%
get
84%
are
83%
him
83%
home
83%
it's
83%
pretending
82%
alone
81%
and
81%
be
81%
halfway
81%
he's
81%
now
81%
who
81%
why
81%
closer
79%
under
79%
what
79%
ending
78%
never
78%
calling
77%
drinking
77%
thinking
77%
wanna
77%
where
77%
hard
76%
how
76%
secretly
76%
skin
76%
starts
76%
go
75%
knows
75%
love
75%
door
74%
gets
74%
deep
73%
game's
73%
open
73%
tell
73%
still
71%
weekend
69%
daydream
67%
as
64%
stay
64%
feel
63%
heading
63%
only
63%
with
63%
lay
61%
ooh
58%

Score Distribution

Percentile by Number Answered

Percent of People with Each Score

Your Score History

You have not taken this quiz